书目信息 |
| 题名: |
处所、时间和方位
|
|
| 作者: | 文炼 著 | |
| 分册: | ||
| 出版信息: | 上海 上海教育出版社 1984 |
|
| 页数: | 45页 | |
| 开本: | 18cm | |
| 丛书名: | 汉语知识讲话 | |
| 单 册: | ||
| 中图分类: | H146.2-49 , H14 | |
| 科图分类: | ||
| 主题词: | 汉语-词类--通俗读物 , 词类-汉语--通俗读物 | |
| 电子资源: | ||
| ISBN: | ||
| 000 | 00691oam2 2200265 450 | |
| 001 | 1561525718 | |
| 005 | 20150120170548.62 | |
| 010 | @dCNY0.16 | |
| 091 | @a7150.3217 | |
| 100 | @a19950413d1984 em y0chiy0110 ea | |
| 101 | 0 | @achi |
| 102 | @aCN@b310000 | |
| 105 | @ay z 000yy | |
| 200 | 1 | @a处所、时间和方位@9chu suo shi jian he fang wei@f文炼著 |
| 210 | @a上海@c上海教育出版社@d1984 | |
| 215 | @a45页@d18cm | |
| 225 | 2 | @a汉语知识讲话 |
| 461 | 0 | @12001 @a汉语知识讲话 |
| 606 | 0 | @a汉语-词类@x通俗读物 |
| 606 | 0 | @a词类-汉语@x通俗读物 |
| 690 | @aH146.2-49@v5 | |
| 690 | @aH14@v4 | |
| 701 | 0 | @a文炼@9wen lian@4著 |
| 801 | 0 | @aCN@bTSSF@c20150120 |
| 905 | @aZUCC@dH14@eJY32 | |
| 处所、时间和方位/文炼著.-上海:上海教育出版社,1984 |
| 45页;18cm.-(汉语知识讲话) |
| ISBN :CNY0.16 |
| ● |
| 相关链接 |
|
|
|
|
正题名:处所、时间和方位
索取号:H14/JY32
 
预约/预借
| 序号 | 登录号 | 条形码 | 馆藏地/架位号 | 状态 | 备注 |
| 1 | 7849945 | 278499457 | 学院路分馆/ [索取号:H14/JY32] | 在馆 | |
| 2 | 7849946 | 278499466 | 学院路分馆/ [索取号:H14/JY32] | 在馆 |